| 000 -CABECERA |
| campo de control de longitud fija |
00979nam a2200289 u 4500 |
| 001 - NÚMERO DE CONTROL |
| campo de control |
000049890 |
| 005 - FECHA Y HORA DE LA ÚLTIMA TRANSACCIÓN |
| campo de control |
20200120222646.0 |
| 008 - DATOS DE LONGITUD FIJA--INFORMACIÓN GENERAL |
| campo de control de longitud fija |
120713s2010 sp er 000 j spa d |
| 020 ## - NÚMERO INTERNACIONAL ESTÁNDAR DEL LIBRO |
| Número Internacional Estándar del Libro |
9788499081403 |
| 041 1# - CÓDIGO DE LENGUA |
| Código de lengua del texto/banda sonora o título independiente |
-spa |
| Código de lengua original |
eng |
| 090 ## - LOCALMENTE ASIGNADO TIPO-LC NÚMERO DE CLASIFICACIÓN (OCLC); NÚMERO DE CLASIFICACIÓN LOCAL (RLIN) |
| Número de clasificación (OCLC) (R) ; Numero de clasificación, CALL (RLIN) (NR) |
AC |
| Número cutter local (OCLC) ; Número de libro/Signatura topográfica íntegra, CALL (RLIN) |
LES |
| 100 1# - ENTRADA PRINCIPAL--NOMBRE DE PERSONA |
| Nombre de persona |
Lessing, Doris May |
| Fechas asociadas al nombre |
1919- |
| 245 10 - MENCIÓN DE TÍTULO |
| Título |
Cuentos europeos / |
| Mención de responsabilidad, etc. |
Doris Leesing ; traducción Paula Kuffer. |
| 250 ## - MENCIÓN DE EDICIÓN |
| Mención de edición |
1a. ed. |
| 260 ## - PUBLICACIÓN, DISTRIBUCIÓN, ETC. |
| Lugar de publicación, distribución, etc. |
Barcelona : |
| Nombre del editor, distribuidor, etc. |
Debolsillo, |
| Fecha de publicación, distribución, etc. |
2010. |
| 300 ## - DESCRIPCIÓN FÍSICA |
| Extensión |
925 p. |
| 490 #0 - MENCIÓN DE SERIE |
| Mención de serie |
Contemporánea |
| 500 ## - NOTA GENERAL |
| Nota general |
Premios: Premio Nobel de Literatura, 2007 |
| 500 ## - NOTA GENERAL |
| Nota general |
Título original : To room nineteen/ the temptation of Jack Orkney |
| 500 ## - NOTA GENERAL |
| Nota general |
Ej.1 de la Biblioteca Marichuela es 1a. ed del año 2012, con ISBN : 9789588639253. |
| 500 ## - NOTA GENERAL |
| Nota general |
Ej.1 de la Biblioteca Restrepo con ISBN : 9789588639253. |
| 650 14 - PUNTO DE ACCESO ADICIONAL DE MATERIA--TÉRMINO DE MATERIA |
| Término de materia o nombre geográfico como elemento de entrada |
Cuentos ingleses |
| 650 24 - PUNTO DE ACCESO ADICIONAL DE MATERIA--TÉRMINO DE MATERIA |
| Término de materia o nombre geográfico como elemento de entrada |
Literatura inglesa |
| 650 24 - PUNTO DE ACCESO ADICIONAL DE MATERIA--TÉRMINO DE MATERIA |
| Término de materia o nombre geográfico como elemento de entrada |
Amor en la literatura |
| 650 24 - PUNTO DE ACCESO ADICIONAL DE MATERIA--TÉRMINO DE MATERIA |
| Término de materia o nombre geográfico como elemento de entrada |
Soledad en la literatura |
| 700 1# - PUNTO DE ACCESO ADICIONAL--NOMBRE DE PERSONA |
| Nombre de persona |
Kuffer, Paula |
| Término indicativo de función/relación |
tr. |